My thirty years in baseball /

Bibliographic Details
Main Author: McGraw, John Joseph, 1873-1934
Format: Book
Language:English
Published: New York : Boni and Liveright, [1923]
Subjects:

MARC

Tag First Indicator Second Indicator Subfields
LEADER 00000cam a2200000 4500
001 in00000032605
005 20151007061819.0
008 730402s1923 nyucf 00010aeng u
010 |a  23009583  
035 |a (OCoLC)00594095 
035 |9 AAD3154AM 
040 |c KSU  |d TXA  |d UtOrBLW 
049 |a TXAM  |c [20738] 
050 0 0 |a GV865.M3  |b A3 
092 |a 796.357  |b M147m 
100 1 |a McGraw, John Joseph,  |d 1873-1934. 
245 1 0 |a My thirty years in baseball /  |c by John J. McGraw; with an introduction by George M. Cohan. 
264 1 |a New York :  |b Boni and Liveright,  |c [1923] 
264 4 |c [©1923] 
300 |a xiii pages, 2 ., 265 pages :  |b frontispiece, plates, portraits ;  |c 19 cm. 
336 |a text  |b txt  |2 rdacontent 
337 |a unmediated  |b n  |2 rdamedia 
338 |a volume  |b nc  |2 rdacarrier 
650 0 |a Baseball. 
999 |a MARS 
999 f f |s 6f7e2c6b-4241-3d7c-9dcd-f42a793757b7  |i fb294115-8be7-31f8-9806-dcd3f698dcf5  |t 0 
952 f f |p ric  |a Texas A&M University  |b Rellis Campus  |c Joint Library Facility  |d Remote Storage  |t 0  |e GV865.M3 A3  |h Library of Congress classification  |i unmediated -- volume  |m A14801185410 
998 f f |a GV865.M3 A3  |t 0  |l Remote Storage